Statistics for Political Parties in the Chamber of Deputies (Mexico)

Click here to take the quiz!

General Stats

  • This quiz has been taken 17 times
  • The average score is 6 of 7

Answer Stats

SeatsParty% Correct
69Institutional Revolutionary Party (PRI)
100%
197National Regeneration Movement (MORENA)
100%
38Labor Party (PT)
93%
111National Action Party (PAN)
93%
25Citizens' Movement (MC)
71%
17Party of the Democratic Revolution (PRD)
71%
44Ecologist Green Party (PVEM)
64%

Score Distribution

Percentile by Number Answered

Percent of People with Each Score

Your Score History

You have not taken this quiz